000 00466nam a2200145Ia 4500
003 GCL
008 140319s9999 xx 000 0 ara d
040 _aGCL /
_cGCL
082 0 4 _a502
_bع ص
100 1 _aزين العابدين متولى
245 1 0 _aصور من الكون /
_cزين العابدين متولى
260 _a[S.N] :
_bالهيئة المصرية العامة للكتاب ،
_c1993
300 _a122 ص
490 _aالعلم والحياة
_v0
999 _c34927
_d34927